00558nam a2200169Ia 4500008004100000100002700041245006500068245002700133260001300160260000900173300003300182440007100215650002700286650003500313650001700348650002300365180910s9999 xx 000 0 und d aNurse Education Today. aNurse Education Today: the journal of health care education. cNurse Education Today. bElsevier c2008 apages 131-260, February 2008 aNurse Education Today: the journal of health care education.v28:2 aHealth care education. aNursing -- Study and teaching. aPeriodicals. aSelf care, Health.